Berani gagal (Record no. 3)

000 -LEADER
fixed length control field nam a22 a 4500
005 - DATE AND TIME OF LATEST TRANSACTION
control field 20170412105634.0
008 - FIXED-LENGTH DATA ELEMENTS--GENERAL INFORMATION
fixed length control field 170412t20051997my ||||| |||| 00| 0 may d
020 ## - INTERNATIONAL STANDARD BOOK NUMBER
International Standard Book Number 9839323024 (kkt.)
Terms of availability RM 25.90
040 ## - CATALOGING SOURCE
Original cataloging agency AKMAL
082 ## - DEWEY DECIMAL CLASSIFICATION NUMBER
Classification number 158.1
090 ## - LOCALLY ASSIGNED LC-TYPE CALL NUMBER (OCLC); LOCAL CALL NUMBER (RLIN)
Classification number (OCLC) (R) ; Classification number, CALL (RLIN) (NR) 158.1
Local cutter number (OCLC) ; Book number/undivided call number, CALL (RLIN) LIM
100 1# - MAIN ENTRY--PERSONAL NAME
Personal name Lim, Billi P. S
Dates associated with a name 1950-
9 (RLIN) 13
245 10 - TITLE STATEMENT
Title Berani gagal
Statement of responsibility, etc. oleh Billi P.S.Lim ; penterjemah Ibrahim Abdul Rahman
260 ## - PUBLICATION, DISTRIBUTION, ETC.
Place of publication, distribution, etc. Petaling Jaya
Name of publisher, distributor, etc. Hardknock Factory
Date of publication, distribution, etc. 1997
300 ## - PHYSICAL DESCRIPTION
Extent [300]ms.
Dimensions 22cm
599 ## - LOCAL NOTE
Local Note DALAM PROSES
650 ## - SUBJECT ADDED ENTRY--TOPICAL TERM
Topical term or geographic name entry element Failure (Psychology)
9 (RLIN) 14
650 ## - SUBJECT ADDED ENTRY--TOPICAL TERM
Topical term or geographic name entry element Fear of failure
9 (RLIN) 15
650 ## - SUBJECT ADDED ENTRY--TOPICAL TERM
Topical term or geographic name entry element Losers
9 (RLIN) 16
700 0# - ADDED ENTRY--PERSONAL NAME
Personal name Ibrahim Abdul Rahman
9 (RLIN) 17
942 ## - ADDED ENTRY ELEMENTS (KOHA)
Source of classification or shelving scheme
Koha item type Book
Holdings
Withdrawn status Lost status Source of classification or shelving scheme Damaged status Not for loan Collection code Home library Current library Shelving location Date acquired Inventory number Total Checkouts Full call number Barcode Date last seen Date last checked out Cost, replacement price Price effective from Koha item type
          NON-FICTION AKMAL Melaka AKMAL Melaka PINJAMAN 12.04.2017 100493 4 158.1 LIM 201700003 09.06.2017 09.06.2017 0.00 12.04.2017 Book
Pusat Sumber Maklumat Dato' Haji Sarmin Md Hussin, Akademi Kastam Diraja Malaysia, Melaka
Tel: 06-2331106 | Faks: 06-2313787